000
00284nam a22001337a 4500
999
_c
54942
_d
54942
008
190927b ||||| |||| 00| 0 eng d
041
_a
eng
080
_2
12th
_a
57
_b
57
082
_a
57
100
_a
11
101
_a
BIO
245
_a
Inquiry into Life
_c
Mader,S.S
942
_2
udc
_c
BK